[Event "HUN-chT2 Erkel 1617"]
[Site "Hungary"]
[Date "2017.01.29"]
[Round "7.10"]
[White "Somoskoi, Tamas"]
[Black "Szlabey, Geza"]
[Result "0-1"]
[WhiteElo "1772"]
[BlackElo "1944"]
[PlyCount "65"]
[EventDate "2016.09.25"]
[EventType "team-tourn"]
[EventRounds "11"]
[EventCountry "HUN"]
[SourceTitle "EXT 2021"]
[Source "ChessBase"]
[SourceDate "2020.10.23"]
[SourceVersion "1"]
[SourceVersionDate "2020.10.23"]
[SourceQuality "1"]
[WhiteTeam "Gyongyos Matra"]
[BlackTeam "Fot"]
[WhiteTeamCountry "HUN"]
[BlackTeamCountry "HUN"]

1. e4 e5 2. Nf3 Nc6 3. Nc3 Bc5 4. Bb5 Nf6 5. 0-0 0-0 6. d3 d6 7. Bg5 h6 8. Bxf6 Qxf6 9. Nd5 Qd8 10. c3 a6 11. Ba4 Ne7 12. d4 exd4 13. cxd4 Ba7 14. Ne3 Ng6 15. Re1 c6 16. Bc2 Nf4 17. Qd2 d5 18. e5 Re8 19. Bf5 Ne6 20. Ng4 Ng5 21. Bxc8 Qxc8 22. Nxh6+ gxh6 23. Nxg5 Qg4 24. Nf3 Re6 25. h3 Qh5 26. Qf4 Rf8 27. Re3 f6 28. Nh4 Rf7 29. Rg3+ Kf8 30. Ng6+ Ke8 31. Re1 fxe5 32. Qd2 Bxd4 33. Qb4 0-1

[Event "HUN-chT2 Erkel 1617"]
[Site "Hungary"]
[Date "2016.09.25"]
[Round "1.10"]
[White "Somoskoi, Tamas"]
[Black "Czajner, Gabor"]
[Result "0-1"]
[WhiteElo "1772"]
[BlackElo "1829"]
[PlyCount "62"]
[EventDate "2016.09.25"]
[EventType "team-tourn"]
[EventRounds "11"]
[EventCountry "HUN"]
[SourceTitle "EXT 2021"]
[Source "ChessBase"]
[SourceDate "2020.10.23"]
[SourceVersion "1"]
[SourceVersionDate "2020.10.23"]
[SourceQuality "1"]
[WhiteTeam "Gyongyos Matra"]
[BlackTeam "Andornaktalya"]
[WhiteTeamCountry "HUN"]
[BlackTeamCountry "HUN"]

1. e4 e6 2. d4 d5 3. Nc3 Nf6 4. Bg5 Be7 5. e5 Nfd7 6. h4 a6 7. Qg4 g6 8. Nf3 c5 9. dxc5 Nc6 10. Bf4 Qa5 11. 0-0-0 Bxc5 12. h5 Rg8 13. Bd3 b5 14. hxg6 hxg6 15. Nxd5 exd5 16. e6 Nde5 17. exf7+ Nxf7 18. Rde1+ Ne7 19. Qh4 Qxa2 20. c3 Qa1+ 21. Kc2 Qa4+ 22. Kb1 Rh8 23. Qf6 Rxh1 24. Rxh1 Bf5 25. Bxf5 gxf5 26. Rh8+ Nxh8 27. Qxh8+ Kd7 28. Ne5+ Kc7 29. Nc4+ Kb7 30. Qe5 Rc8 31. Ne3 Qe4+ 0-1